000 00506nam a2200169Ia 4500
003 GCL
008 140319s9999 xx 000 0 eng d
040 _aGCL /
_cGCL
082 0 4 _a005.265
_bC A
100 1 _aCOPMPUTER, APPLE
245 1 0 _aAPPLE GUIDE COMPLETE: DESIGNING AND DEVELOPING ONSCREEN ASSISTANCE /
_cCOPMPUTER, APPLE
260 _a[S.N] :
_bADDISON - WESLEY PUBLISHING COMPANY ،
_c1995
300 _a204
650 0 4 _aCOMPUTER SOFTWARE
650 0 4 _aCOMPUTER - PROPGRAMME
942 _2ddc
_cBK
999 _c11110
_d11110